Statistics for Ed Sheeran Lyrics Quiz

Click here to take the quiz!

General Stats

  • This quiz has been taken 878 times
  • The average score is 11 of 18

Answer Stats

HintAnswer% Correct
Kiss me under the light of a thousand _____stars
94%
They say she's in the _____ A Teamclass
90%
Loving can ____ sometimeshurt
90%
Oh, misty eye of the ________ belowmountain
75%
I wanna be _____ when I wake updrunk
75%
You might be left with my hair, but you'll have your mother's ____eyes
73%
All I want is the _____ that your lips allowtaste
73%
Oh I'm a ____ right nowmess
71%
The way it brings out the blue in your eyes / Is the ________ seatenerife
63%
All my senses come to ____life
62%
My heart's against your chest, my lips pressed to your ____neck
62%
I'm out of _____, I'm out of lovetouch
50%
She's like cold ______ in the morningcoffee
49%
Things were all good yesterday / Then the devil took your ______memory
46%
It's just another night / And I'm staring at the ____moon
45%
'Cause maybe you're loveable / And maybe you're my _________snowflake
34%
_____________ taste how lips dostrawberries
28%
Oh coloured _______ in my eyescrimson
17%

Score Distribution

Percentile by Number Answered

Percent of People with Each Score

Your Score History

You have not taken this quiz